000 00762cam a22002651 4500
999 _c7062
_d7062
001 7062
003 BD-JhCC
005 20180416095117.0
008 740123s1966 ii abc b 001 0 eng
035 _a(BD-JhCC)7062
040 _aDLC
_cDLC
_dDLC
041 _aeng
050 1 0 _aD299
_b.M26 1966
082 0 0 _a940.2
_bMAH 1989
100 1 _aMahajan, Vidya Dhar.
245 1 0 _aHistory of modern Europe since 1789 /
_cVidya Dhar Mahajan
250 _a4th ed., thoroughly rev. and enl.
260 _aDelhi,
_bS. Chand,
_c1966.
300 _axv, 626 p.
_billus., maps, ports.
_c22 cm.
504 _aIncludes bibliographies.
650 0 _aHistory, Modern
_y20th century.
_zEurope
651 0 _aEurope
_xHistory
_y1789-1900.
942 _2ddc
_cBK